000 00466 a2200181 4500
005 20240509100338.0
008 240506b |||||||| |||| 00| 0 eng d
020 _a9788176116206
_cRs. 1000.00
040 _aMAIN
082 _a361.6
_bG959S
100 _aGupta, Bhuvanesh
245 _aSocial administration
260 _bRBSA Publishers
_c2022
_aJaipur
300 _a319
650 _aPublic Administration
650 _aSocial Administration
942 _cBK
999 _c312869
_d312869